[Event "Floripa Chess Open 2024"]
[Site "Florianopolis"]
[Date "2024.01.28"]
[Round "10.23"]
[White "Zacarias, Rodrigo Medeiros"]
[Black "Von Buelow, Georg"]
[Result "1/2-1/2"]
[WhiteElo "2058"]
[BlackElo "2345"]
[PlyCount "187"]
[EventDate "2024.01.20"]
[EventRounds "10"]
[EventCountry "BRA"]

1. e4 c5 2. Nf3 d6 3. d4 cxd4 4. Nxd4 Nf6 5. Nc3 a6 6. Bg5 e6 7. f4 Nbd7 8. Qf3
Qc7 9. O-O-O Be7 10. g4 b5 11. Bxf6 Nxf6 12. g5 Nd7 13. f5 Nc5 14. fxe6 ({RR} 
14. h4 Bd7 15. b4 Na4 16. Nxa4 bxa4 17. fxe6 fxe6 18. Bh3 Qc4 19. Rhf1 Qxa2 20.
Qf7+ Kd8 21. Nxe6+ Bxe6 22. Qxe6 Qxe6 23. Bxe6 h6 24. e5 hxg5 25. exd6 Bf6 26.
hxg5 Bxg5+ 27. Kb2 Re8 28. Bd5 Rb8 {Georgiev,K (2590)-Gruenfeld,Y (2530) Haifa
1989 1/2-1/2 (46)}) ({RR} 14. Rg1 b4 15. Nce2 e5 16. Nb3 Bb7 17. Nd2 Rc8 18. c3
Qc6 19. f6 gxf6 20. gxf6 Bf8 21. Rg3 bxc3 22. Qxc3 Bh6 23. Bg2 Nb3+ 24. axb3
Qb6 25. Qxc8+ Bxc8 26. Kc2 Bxd2 {0-1 (26) Rucabado,S (1570)-Salac,J (1914)
Ricany CZE 2020}) 14... fxe6 15. Rg1 b4 $146 ({RR} 15... Bd7 16. Bh3 b4 17.
Nce2 g6 18. Nf4 O-O 19. Nfxe6 Qa5 20. Qg3 Qxa2 21. Nxc5 Bxh3 22. Qxh3 dxc5 23.
Nb3 Rf7 24. Rdf1 Rxf1+ 25. Qxf1 Rf8 26. Qc4+ Rf7 27. h4 Kf8 28. e5 a5 29. Rf1
Rf5 30. Rxf5+ {Bailey,D (2355)-Gardner,R Canada 1992 1-0 (46)}) 16. Nb1 Rf8 17.
Qh5+ g6 18. Qh4 e5 19. Nb3 Ne6 20. N1d2 Nxg5 21. Rxg5 Qd8 22. Qxh7 Bxg5 23.
Qxg6+ Kd7 24. Bc4 Bb7 25. Kb1 Qf6 26. Nf3 Qxg6 27. Nxe5+ Kc7 28. Nxg6 Rf6 29.
h4 Rxg6 30. hxg5 Rxg5 31. Bd3 Rag8 32. Kc1 Rg4 33. Nd2 R8g5 34. b3 Kc6 35. Nf3
Rg8 36. e5 d5 37. Bf5 Rf4 38. Nd4+ Kb6 39. Bd7 Bc8 40. Ba4 Re4 41. Nc6 Bb7 42.
Ne7 Rd8 43. Ng6 Kc5 44. Rf1 d4 45. Rf7 Bd5 46. Rf6 Re2 47. Nf4 Re3 48. Nd3+
Rxd3 49. cxd3 Rh8 50. Rxa6 Rh1+ 51. Kd2 Rh2+ 52. Ke1 Bf3 53. Rf6 Bg4 54. Rc6+
Kd5 55. Rc4 Re2+ 56. Kf1 Rxa2 57. Bc6+ Kxe5 58. Rxb4 Be2+ 59. Ke1 Bxd3 60. Rb8
Kd6 61. Ba4 Bf5 62. Rf8 Be6 63. Rf2 Ra1+ 64. Kd2 Kc5 65. Kd3 Rd1+ 66. Kc2 Rg1
67. Kd3 Rg3+ 68. Kc2 Rc3+ 69. Kd2 Re3 70. Kc2 Bd5 71. Rf5 Kd6 72. Rf8 Be4+ 73.
Kd2 Rd3+ 74. Ke2 Rh3 75. Rf2 Kc5 76. Rf4 Rh2+ 77. Rf2 Bd3+ 78. Ke1 Rh4 79. Kd2
Be4 80. Bd7 Kd6 81. Bb5 Bd5 82. Bc4 Bxc4 83. bxc4 Kc5 84. Rf3 Kxc4 85. Rg3 Rh2+
86. Kd1 Ra2 87. Rh3 Rb2 88. Rg3 Rb3 89. Rxb3 Kxb3 90. Kd2 Kc4 91. Kc2 d3+ 92.
Kd2 Kd4 93. Kd1 Kc3 94. Kc1 1/2-1/2

[Event "Floripa Chess Open 2024"]
[Site "Florianopolis"]
[Date "2024.01.28"]
[Round "10.24"]
[White "Cordeiro, Marco Aurelio Zaror"]
[Black "Menna Barreto, Felipe Kubiaki"]
[Result "0-1"]
[WhiteElo "2057"]
[BlackElo "2278"]
[PlyCount "114"]
[EventDate "2024.01.20"]
[EventRounds "10"]
[EventCountry "BRA"]

1. c4 Nf6 2. g3 c6 3. Bg2 d5 4. Nf3 Bf5 5. b3 e6 6. O-O Nbd7 7. Bb2 h6 8. d3
Bc5 9. e3 ({RR} 9. Na3 O-O 10. Nc2 Qe7 11. Qd2 dxc4 12. bxc4 e5 13. Ne3 Bh7 14.
Rad1 Rad8 15. Nh4 Qe6 16. Kh1 Rfe8 17. Nf3 a6 18. Ne1 Bd4 19. Ba3 Ba7 20. N1c2
Nc5 21. Qa5 Nfd7 22. Bb2 Bb6 23. Qa3 Nf6 {Bauer,C (2562)-Van Wely,L (2643)
Mondariz 2000 0-1 (39)}) ({RR} 9. h3 Qc7 10. a3 a5 11. Bc3 Bb6 12. b4 axb4 13.
axb4 Rxa1 14. Bxa1 O-O 15. c5 Ba7 16. Nd4 Bg6 17. Nd2 b6 18. cxb6 Bxb6 19. N2b3
e5 20. Nf3 e4 21. dxe4 Nxe4 22. Nh4 Qxg3 23. Nxg6 Bxf2+ {Vaglio,J (2174)-Bilan,
D (2303) chess.com INT 2023 0-1 (67)}) 9... O-O 10. Qe2 Re8 $146 ({RR} 10...
Qe7 11. Nc3 Bh7 12. a3 a5 13. Nh4 Rfd8 14. Rfe1 Ba7 15. cxd5 exd5 16. e4 dxe4
17. Nxe4 Nxe4 18. Bxe4 Bxe4 19. dxe4 Ne5 20. Nf5 Qe6 21. Rad1 Kh7 22. Kg2 g6
23. Nd4 Qe7 24. f4 Nd7 25. h4 {Cuevas,A (2261)-Lopez,R (2096) Villa Martelli
2014 1-0 (38)}) ({RR} 10... Bh7 11. Rd1 Re8 12. Nc3 a6 13. Rac1 Ba7 14. Ne1 d4
15. exd4 Bxd4 16. Ne4 e5 17. c5 Bxe4 18. dxe4 Qe7 19. Bxd4 exd4 20. Qc4 Nxe4
21. Bxe4 Qxe4 22. Rxd4 Qe7 23. Nd3 Nf6 24. Nf4 Rad8 25. Rcd1 {Diekmann,J (2050)
-Stenner,P (2219) Germany 2016 1/2-1/2 (45)}) 11. Nbd2 Bh7 12. e4 dxe4 13. dxe4
e5 14. Ne1 Bd4 15. Bxd4 exd4 16. f3 Qb6 17. Nd3 Nc5 18. Nxc5 Qxc5 19. Qf2 a5
20. a3 Nd7 21. b4 axb4 22. axb4 Qxb4 23. Rxa8 Rxa8 24. Qxd4 Qc5 25. Nb3 Qxd4+
26. Nxd4 Nc5 27. Rb1 Kf8 28. Nb3 Nd7 29. Nd2 Ra2 30. Nf1 Nc5 31. Bh3 Ke7 32.
Rd1 f6 33. Nd2 Bg8 34. Bf1 Be6 35. Be2 Rc2 36. Kf2 Nd7 37. Ke3 Rc3+ 38. Kf2 Nc5
39. Nb1 Rc2 40. Rd2 Rc1 41. Rb2 Bxc4 42. Bxc4 Rxc4 43. Ke3 b5 44. Nd2 Ra4 45.
Rc2 Ra3+ 46. Kf2 Kd6 47. Nf1 Nd3+ 48. Ke2 c5 49. Ne3 Nb4 50. Rd2+ Kc6 51. Nf5
c4 52. Rd6+ Kc7 53. Rd4 Ra2+ 54. Kd1 Nc6 55. Rd5 b4 56. Rc5 c3 57. Nd4 Rd2+ 0-1

[Event "Floripa Chess Open 2024"]
[Site "Florianopolis"]
[Date "2024.01.28"]
[Round "10.25"]
[White "Mariani, Daniel Brandao"]
[Black "Piccoli, Lucas Fonseca"]
[Result "0-1"]
[WhiteElo "2040"]
[BlackElo "2263"]
[PlyCount "60"]
[EventDate "2024.01.20"]
[EventRounds "10"]
[EventCountry "BRA"]

1. c4 e6 2. Nc3 Bb4 3. Qc2 c5 ({RR} 3... d5 4. a3 Bxc3 5. Qxc3 d4 6. Qg3 Nf6 7.
Qxg7 Rg8 8. Qh6 Rg6 9. Qh4 e5 10. d3 Rg4 11. Qh6 Rg6 12. Qd2 e4 13. g3 b5 14.
Qb4 Na6 15. Qxb5+ Kf8 16. Nh3 Rb8 17. Qe5 Ng4 18. Qh8+ {Harutyunyan,T (2524)
-Vishnu,P (2416) Tsaghkadzor ARM 2023 1-0 (37)}) 4. a3 Ba5 ({RR} 4... Bxc3 5.
Qxc3 Qf6 6. Qxf6 Nxf6 7. b4 b6 8. Nf3 Nc6 9. Rb1 d6 10. e3 e5 11. bxc5 bxc5 12.
d3 Bf5 13. e4 Bg4 14. Be2 Bxf3 15. Bxf3 Ke7 16. Be3 Rhb8 17. Kd2 Rb6 18. Rb5
Ne8 19. Rhb1 {Giri,A (2764)-Kramnik,V (2789) Leuven 2017 1/2-1/2 (54)}) 5. g3
$146 ({RR} 5. Ne4 d6 6. b4 cxb4 7. c5 dxc5 8. Qxc5 Na6 9. Qb5+ Kf8 10. axb4 Bb6
11. e3 Nf6 12. Nxf6 Qxf6 13. Rxa6 bxa6 14. Qc6 Qa1 15. Ne2 {1-0 (15) Hamilton,
R-Nickoloff,B (2420) Canada 1986}) ({RR} 5. Ne4 Qe7 6. Nxc5 Qxc5 7. b4 Qc7 8.
bxa5 Nc6 9. Bb2 Nf6 10. Nf3 Nxa5 11. e3 d6 12. Be2 O-O 13. O-O e5 14. d4 Re8
15. Rac1 Bg4 16. c5 e4 17. Ng5 Bxe2 18. Qxe2 d5 19. f4 Nc4 {Uhlmann,W (2358)
-Kortschnoj,V (2549) Rogaska Slatina 2012 0-1}) ({RR} 5. Nf3 Nc6 6. e3 d5 7.
Na4 Bb6 8. cxd5 Qxd5 9. Bc4 Qf5 10. Bd3 Qh5 11. Be2 Nf6 12. b4 e5 13. d3 O-O
14. Nxc5 Bg4 {1/2-1/2 (14) Molner,M (2491)-Akobian,V (2617) Los Angeles 2012})
5... Ne7 6. Bg2 O-O 7. Nf3 Nbc6 8. O-O d5 9. d3 Bc7 10. Rb1 d4 11. Ne4 b6 12.
b4 f5 13. Ned2 Rb8 14. e3 e5 15. bxc5 bxc5 16. Rxb8 Bxb8 17. Nb3 Bd6 18. exd4
exd4 19. Bg5 h6 20. Bxe7 Nxe7 21. Nfd2 Bd7 22. Qd1 a5 23. Qh5 a4 24. Nc1 Qa5
25. Qd1 Qc3 26. Re1 Qxa3 27. Qf3 Qc3 28. Rxe7 Bxe7 29. Qd5+ Kh8 30. Qxd7 Qxd2
0-1

[Event "Floripa Chess Open 2024"]
[Site "Florianopolis"]
[Date "2024.01.28"]
[Round "10.26"]
[White "Moura, Eduardo Eugenio Cha"]
[Black "Pires, Marcos Vinicius Tor"]
[Result "1/2-1/2"]
[WhiteElo "2055"]
[BlackElo "2253"]
[PlyCount "93"]
[EventDate "2024.01.20"]
[EventRounds "10"]
[EventCountry "BRA"]

1. e4 e5 2. Nf3 Nc6 3. Nc3 Nf6 4. d4 exd4 5. Nxd4 Bb4 6. Nxc6 bxc6 7. Bd3 d5 8.
exd5 O-O 9. O-O cxd5 10. h3 c6 11. Qf3 Re8 12. Bf4 Qe7 13. Bg5 h6 14. Bxf6 Qxf6
15. Qxf6 gxf6 16. Ne2 Bd7 ({RR} 16... Bd6 17. Rad1 Be6 18. Ng3 Rab8 19. Nh5 Be5
20. b3 Kf8 21. f4 Bb2 22. Rf3 c5 23. Bh7 Rb6 24. c3 Bc8 25. Rg3 d4 26. cxd4
Bxd4+ 27. Kh2 Bd7 28. Rg8+ Ke7 29. Re1+ Re6 30. Rxe6+ fxe6 31. Rg7+ {
Morozevich,A (2760)-Caruana,F (2774) Moscow 2013 0-1 (40)}) ({RR} 16... Rb8 17.
b3 c5 18. Rad1 Re5 19. Ng3 Bc3 20. Ne2 Ba5 21. Ng3 Kf8 22. f4 Re3 23. Kf2 Re7
24. Nf5 Bxf5 25. Bxf5 d4 26. Bd3 Re3 27. g3 Rbe8 28. Kg2 Be1 29. Rf3 h5 30.
Rxe3 Rxe3 31. g4 {Nepomniachtchi,I (2779)-Amin,B (2684) chess.com INT 2023 1/
2-1/2 (47)}) 17. Rad1 Bd6 $146 ({RR} 17... Rab8 18. b3 Re5 19. c4 a5 20. Nd4
Bc5 21. Nf3 Re7 22. Rfe1 Rxe1+ 23. Rxe1 Be6 24. cxd5 cxd5 25. Rc1 Bb6 26. Kf1
Kf8 27. Nh4 Ke7 28. Nf5+ Bxf5 29. Bxf5 Kd6 30. Rc8 Rxc8 31. Bxc8 Ke5 32. Ke2 {
Skripchenko,A (2418)-Kollars,D (2598) Tornelo INT 2021 1/2-1/2 (36)}) ({RR} 
17... Rab8 18. b3 Re5 19. c4 a5 20. Nd4 Bc5 21. Nf3 Re7 22. Rfe1 Rxe1+ 23. Rxe1
Be6 24. cxd5 cxd5 25. Rc1 Bb6 26. Kf1 Kf8 27. Nh4 Ke7 28. Nf5+ Bxf5 29. Bxf5
Kd6 30. Rc8 Rxc8 31. Bxc8 Ke5 32. Ke2 {Skripchenko,A (2418)-Kollars,D (2598)
Tornelo INT 2021 1/2-1/2 (36)}) 18. Ng3 Be5 19. c3 a5 20. f4 Bc7 21. Nh5 Bd8
22. Rfe1 Re6 23. g4 Kf8 24. Bf5 Rxe1+ 25. Rxe1 Bxf5 26. gxf5 Rb8 27. Re2 c5 28.
Kf1 d4 29. cxd4 cxd4 30. Rd2 Ke7 31. Ke2 Rb5 32. Rxd4 Rxb2+ 33. Rd2 Rxd2+ 34.
Kxd2 Kd6 35. Kd3 Kd5 36. Ng3 Bc7 37. Nh5 Kc5 38. Kc3 a4 39. Kd3 Bd8 40. Kc3
Ba5+ 41. Kb2 Bd2 42. Kc2 Be3 43. Kd3 Bc1 44. Kc2 Be3 45. Kd3 Bc1 46. Kc2 Be3
47. Kd3 1/2-1/2

[Event "Floripa Chess Open 2024"]
[Site "Florianopolis"]
[Date "2024.01.28"]
[Round "10.27"]
[White "Torres, Federico"]
[Black "Rodrigues, Edgar"]
[Result "1-0"]
[WhiteElo "2002"]
[BlackElo "2233"]
[PlyCount "91"]
[EventDate "2024.01.20"]
[EventRounds "10"]
[EventCountry "BRA"]

1. e4 Nf6 2. d3 d5 3. e5 Nfd7 4. Qe2 ({RR} 4. Nf3 c5 5. b3 Nc6 6. Bf4 e6 7. c4
Be7 8. g3 g5 9. Bxg5 Bxg5 {0-1 (9) Marin Rojas,J-Rueda Rojas,R (1876) Velez,
Santander COL 2023}) ({RR} 4. f4 c5 5. Nf3 e6 6. Nc3 Nc6 7. g3) 4... Nb6 $146 (
{RR} 4... e6 5. Nf3 c5 6. g3 Nc6 7. Bg2 Qc7 8. Bf4 b6 ({RR} 8... g5 9. Bxg5 Bg7
) 9. O-O h6 10. h4 Be7 11. Re1 Ba6 12. Nbd2 O-O-O 13. c4 d4 14. Ne4 Bb7 15. a3
Rdg8 16. h5 Re8 17. Rab1 g5 18. hxg6 fxg6 19. b4 {Malada,V (2265)-Videki,S  
(2465) Split 1999 0-1 (40)}) ({RR} 4... c5 5. Nf3 e6 6. g3 Nc6 7. Bg2 Be7 8. h4
h6 9. c4 b5 10. O-O bxc4 11. dxc4 Ba6 12. Na3 O-O 13. Rd1 Qc7 14. Bf4 dxc4 15.
Qe4 Nb6 16. Bxh6 gxh6 17. Qg4+ Kh8 18. Qf4 Kg7 19. Qg4+ {Girinath,P (2404)
-Khusnutdinov,R (2507) Bhubaneswar 2009 1/2-1/2}) ({RR} 4... e6 5. g3 c5 6. Bg2
Nc6 7. Nf3 Qc7 8. Bf4 h6 9. h4 b6 10. c4 d4 11. O-O Bb7 12. Na3 O-O-O 13. Rab1
({RR} 13. Nc2 Be7 14. h5) 13... Be7 14. h5 a6 15. Rfc1 g5 16. hxg6 fxg6 17. Nb5
Qb8 ({RR} 17... axb5 18. cxb5 Na7 19. Nxd4 Bxg2 20. Kxg2 Qb7+) 18. b4 g5 19.
bxc5 {Payen,A (2400)-Leroy,D (2350) Cap d'Agde 1996 0-1 (40) RR} gxf4) ({RR} 
4... e6 5. g3 c5 6. Nf3 b5 7. Bg2 Nc6 8. O-O Qc7 9. Re1 a5 10. h4 Be7 11. Bf4
h6 12. Nbd2 c4 13. Nf1 Ba6 14. d4 c3 15. b3 Qb6 16. Red1 Rc8 17. Qe1 Ba3 18.
Bc1 Bb2 19. Bxb2 {Stankovic,G (2044)-Brajic,M (2252) Leskovac 2002 0-1 (35)})
5. f4 c5 6. Nf3 Bg4 7. Nbd2 Nc6 8. h3 Bd7 9. g3 Nb4 10. Nb3 e6 11. Bg2 Ba4 12.
Be3 Rc8 13. O-O Be7 14. f5 exf5 15. c3 Na6 16. Nh4 Bxh4 17. gxh4 Bd7 18. c4 Be6
19. Rac1 O-O 20. Qf2 d4 21. Bg5 Qc7 22. Qg3 Kh8 23. Na5 Rb8 24. Nb3 Na4 25. Rc2
Nb4 26. Re2 b5 27. cxb5 Rxb5 28. Nd2 Nxb2 29. Ne4 N4xd3 30. Nd6 Rb6 31. Rxf5 c4
32. Bf6 gxf6 33. exf6 Rg8 34. Rg5 Rbb8 35. Rxe6 fxe6 36. f7 Rgf8 37. Rg7 Qxd6
38. Rg8+ Rxg8 39. fxg8=R+ Rxg8 40. Qxd6 e5 41. Kh2 Kg7 42. Qe7+ Kh6 43. Be4 Rg6
44. h5 Ra6 45. h4 Kxh5 46. Qg5# 1-0

[Event "Floripa Chess Open 2024"]
[Site "Florianopolis"]
[Date "2024.01.28"]
[Round "10.28"]
[White "Cunha, Lucas Aguiar"]
[Black "Guerrero, Alvaro"]
[Result "1-0"]
[WhiteElo "2230"]
[BlackElo "1999"]
[PlyCount "191"]
[EventDate "2024.01.20"]
[EventRounds "10"]
[EventCountry "BRA"]

1. e4 c6 2. d4 d5 3. e5 Bf5 4. Nc3 e6 5. g4 Bg6 6. Nge2 Be7 7. Be3 Nd7 8. Bg2
f6 ({RR} 8... h5 9. h3 hxg4 10. hxg4 Rxh1+ 11. Bxh1 Qb6 12. Rb1 O-O-O 13. Kf1
f6 14. exf6 gxf6 15. b4 Bd6 16. Rb3 Ne7 17. Bf3 Qc7 18. b5 Nb6 19. bxc6 bxc6
20. Nc1 Kd7 21. Nd3 Rh8 22. g5 Nf5 23. gxf6 {Jaracz,P (2477)-Epishin,V (2657)
Koszalin 1999 1/2-1/2 (40)}) ({RR} 8... Bh4 9. Qd2 Ne7 10. Ng3 h5 11. g5 b5 12.
Nce2 a5 13. f4 b4 14. O-O Bxg3 15. hxg3 Nf5 16. Bf2 Qb6 17. c3 Qb5 18. Rfc1 Ne7
19. Bf1 Qb7 20. cxb4 axb4 21. a3 bxa3 22. Rxa3 Rb8 23. b3 {Vlassov,N (2283)
-Sarana,A (2668) chess.com INT 2022 0-1 (47)}) 9. Nf4 $146 ({RR} 9. f4 fxe5 10.
dxe5 Bh4+ 11. Ng3 Ne7 12. O-O O-O 13. Nce2 Bf7 14. c3 Ng6 15. Nd4 c5 16. Nf3
Be7 17. Qd2 Qc7 18. g5 Nb6 19. b3 Be8 20. h4 d4 21. cxd4 Nd5 22. Ne2 Bb5 23. h5
Bxe2 {Schmitt,A (2290)-Anic,D (2450) France 1994 0-1 (31)}) ({RR} 9. exf6 gxf6
10. Qd2 Qc7 11. h4 O-O-O 12. h5 Bf7 13. O-O-O Nb6 14. Kb1 Bd6 15. b3 Ne7 16.
Bh3 Kb8 17. Bh6 Rhe8 18. Qd3 Bg8 19. Bg7 Nd7 20. Qd2 Nc8 21. f4 Bf8 22. Bxf8
Rxf8 23. f5 e5 {Naiditsch,A (2612)-Bujupi,B (2230) Saint Vincent 2005 1-0 (60)}
) 9... Bf7 10. exf6 gxf6 11. Qe2 e5 12. Nd3 h5 13. dxe5 fxe5 14. Nxe5 Nxe5 15.
Bd4 Ng6 16. Bxh8 Nxh8 17. g5 Ng6 18. h4 Nf4 19. Qf3 Bd6 20. O-O-O Ne7 21. Rhe1
Qc7 22. Bh3 Kf8 23. Be6 Nxe6 24. Rxe6 Bf4+ 25. Re3 Qe5 26. Kb1 Bxe3 27. fxe3
Kg7 28. Rf1 Qe6 29. Ne2 Rh8 30. Nd4 Qg6 31. Qf6+ Qxf6 32. gxf6+ Kf8 33. fxe7+
Kxe7 34. b4 Rh7 35. a4 Be8 36. Kb2 Bd7 37. Rg1 Bg4 38. a5 Kd6 39. Rf1 Re7 40.
Rf6+ Kd7 41. a6 bxa6 42. Rxc6 Rxe3 43. Rxa6 Rh3 44. Rxa7+ Kd6 45. Ra6+ Kc7 46.
Rc6+ Kb7 47. b5 Rxh4 48. Nb3 Be2 49. Nc5+ Kb8 50. b6 Rc4 51. Nd7+ Kb7 52. Rd6
Bg4 53. Ne5 Rb4+ 54. Kc3 Rxb6 55. Rxd5 Be6 56. Rd8 Rb5 57. Kd4 h4 58. Rh8 h3
59. Rh7+ Kc8 60. c4 Rb2 61. Kc5 Bf5 62. Rh5 Rf2 63. Kb6 Rb2+ 64. Kc5 Rf2 65.
Kd4 Be6 66. Rh8+ Kc7 67. Rh7+ Kc8 68. Nd3 Rd2 69. Rh8+ Kc7 70. Kc3 Rh2 71. Nf4
Bf5 72. Rh5 Rc2+ 73. Kb4 Rb2+ 74. Ka3 Rf2 75. Rxf5 h2 76. Nd5+ Kd6 77. Rh5 Kc5
78. Kb3 Kd4 79. Rh4+ Kc5 80. Nc3 Rg2 81. Ne4+ Kd4 82. Nd2+ Kc5 83. Rh5+ Kc6 84.
Nf1 Rg5 85. Rxh2 Kc5 86. Kc3 Re5 87. Rh8 Rf5 88. Ne3 Rf4 89. Rh5+ Kc6 90. Nd5
Rf1 91. Nb4+ Kd6 92. c5+ Kc7 93. Rh7+ Kc8 94. c6 Rc1+ 95. Kd4 Rxc6 96. Rh8+ 1-0

[Event "Floripa Chess Open 2024"]
[Site "Florianopolis"]
[Date "2024.01.28"]
[Round "10.29"]
[White "Kayser, Gustavo Warmling"]
[Black "Campos, Maria Jose"]
[Result "0-1"]
[WhiteElo "2029"]
[BlackElo "2208"]
[PlyCount "60"]
[EventDate "2024.01.20"]
[EventRounds "10"]
[EventCountry "BRA"]

1. e4 e5 2. Nf3 Nc6 3. Bc4 Nf6 4. d3 Bc5 5. c3 d6 6. O-O h6 7. Re1 O-O 8. Nbd2
a6 9. Bb3 Ba7 10. Nf1 Be6 11. Ng3 Re8 12. Bxe6 Rxe6 13. d4 d5 14. Nxe5 Nxe5 15.
dxe5 Nxe4 16. Nxe4 dxe4 17. Bf4 ({RR} 17. Qh5 g6 18. Qxh6 Rxe5 19. Be3 Bxe3 20.
Qxe3 Qf6 21. Rad1 Rd8 22. Rd4 Rxd4 23. Qxd4 Qe7 24. g3 Re6 25. h4 a5 26. Kg2 b6
27. Re3 Rd6 28. Rxe4 Rxd4 29. Rxe7 Rd2 30. b4 Rxa2 31. Rxc7 Rc2 {Kramnik,V  
(2808)-So,W (2812) Leuven 2017 1/2-1/2 (36)}) 17... Qe8 $146 ({RR} 17... Qxd1
18. Raxd1 g5 19. Bg3 Rae8 20. Rd7 R8e7 21. Rxe7 Rxe7 22. Kf1 Kh7 23. h3 c6 24.
Bh2 Rd7 25. Rxe4 Rd2 26. Re2 Rd1+ 27. Re1 Rd2 28. Re2 {1/2-1/2 (28) Amin,B  
(2686)-Van den Doel,E (2607) Hoogeveen NED 2018}) ({RR} 17... Qxd1 18. Raxd1 g5
19. Bg3 Rae8 20. Rd7 R8e7 21. Rxe7 Rxe7 22. Kf1 Kh7 23. h3 c6 24. Bh2 Rd7 25.
Rxe4 Rd2 26. Re2 Rd1+ 27. Re1 Rd2 28. Re2 {1/2-1/2 (28) Amin,B (2686)-Van den
Doel,E (2607) Hoogeveen NED 2018}) ({RR} 17... g5 18. Qg4 h5 19. Qg3 Rg6 20.
Be3 Bxe3 21. Qxe3 Qd5 22. Qxe4 Rd8 23. Qe2 Re8 24. c4 Qc5 25. Rad1 g4 26. Qe4
Qb4 27. b3 h4 28. g3 h3 29. Qf5 Qc3 30. Re3 Qb2 31. e6 {1-0 (31) Maiwald,J  
(2475)-Stigar,P (2228) Dresden 2014}) 18. Qd5 e3 19. Bxe3 Rxe5 20. Qxb7 Bxe3
21. Rxe3 Rxe3 22. fxe3 Rb8 23. Qxa6 Rxb2 24. Qd3 Qa8 25. e4 Qa7+ 26. Qd4 Qa5
27. Qd8+ Kh7 28. Qd5 Qb6+ 29. Qd4 Qg6 30. g3 Qh5 0-1

[Event "Floripa Chess Open 2024"]
[Site "Florianopolis"]
[Date "2024.01.28"]
[Round "10.30"]
[White "Bauza, Alejandro"]
[Black "Cordero, Daniela"]
[Result "1-0"]
[WhiteElo "2205"]
[BlackElo "2028"]
[PlyCount "71"]
[EventDate "2024.01.20"]
[EventRounds "10"]
[EventCountry "BRA"]

1. Nf3 Nf6 2. g3 b5 3. Bg2 Bb7 4. O-O c5 5. d3 d5 6. Nbd2 e6 7. e4 Be7 8. Re1
O-O ({RR} 8... Nc6 9. c3 O-O 10. e5 Nd7 11. Nf1 Nb6 12. d4 b4 13. h4 a5 14. Bg5
a4 15. dxc5 Nd7 16. cxb4 Nxb4 17. Rc1 Bxg5 18. hxg5 Qa5 19. Qd4 Nxa2 20. g6
Nxc1 21. Rxc1 hxg6 22. c6 Rac8 23. Ng5 {Firat,B (2460)-Niemann,H (2698) Sitges
ESP 2022 0-1 (33)}) 9. exd5 ({RR} 9. Qe2 a5 10. h4 Nc6 11. e5 Nd7 12. c3 b4 13.
Nf1 a4 14. a3 bxc3 15. bxc3 Na5 16. Bg5 c4 17. d4 Nb3 18. Ra2 Nb8 19. N1h2 Nc6
20. Ng4 Na7 21. Qe3 Nb5 22. Bh3 Kh8 23. Kh2 Bc6 {Sarana,A (2668)-Volkov,S  
(2453) chess.com INT 2023 1-0 (45)}) 9... exd5 $146 ({RR} 9... Nxd5 10. Ne5 Qc7
11. a4 bxa4 12. Rxa4 Nc6 13. Ndc4 Nb6 14. Ra1 Nxe5 15. Nxe5 Bxg2 16. Kxg2 c4
17. dxc4 Nxc4 18. Bf4 Bd6 19. Nxc4 Bxf4 20. b3 Bg5 21. Qf3 Bf6 22. Ra6 Rad8 23.
Qc6 Qb8 24. Nd6 {Burovic,R (2361)-Kurajica,B (2516) Prijedor 2015 0-1 (48)})
10. Ne5 Qc7 11. a4 b4 12. Ndf3 a5 13. Bf4 Bd6 14. d4 c4 15. Nh4 Bc8 16. Bg5 Ne4
17. Rxe4 dxe4 18. Bxe4 Bb7 19. Bxb7 Qxb7 20. Nxc4 Bc7 21. Qg4 Ra6 22. Nf5 Re8
23. d5 Rg6 24. Nh4 h6 25. Nxg6 hxg5 26. d6 fxg6 27. dxc7 Qxc7 28. Rd1 Qc6 29.
b3 Na6 30. Qxg5 Nc7 31. Rd8 Rxd8 32. Qxd8+ Kh7 33. Ne5 Qb6 34. Nf7 g5 35. Nxg5+
Kh6 36. Qd6+ 1-0

[Event "Floripa Chess Open 2024"]
[Site "Florianopolis"]
[Date "2024.01.28"]
[Round "10.32"]
[White "Soares, Joao Carlos T. C."]
[Black "Terao, Juliana Sayumi"]
[Result "0-1"]
[WhiteElo "1983"]
[BlackElo "2198"]
[PlyCount "64"]
[EventDate "2024.01.20"]
[EventRounds "10"]
[EventCountry "BRA"]

1. d4 Nf6 2. c4 e6 3. Nf3 b6 4. Bf4 Bb7 5. e3 Be7 6. h3 c5 7. Nc3 cxd4 8. Nxd4
a6 9. Be2 O-O 10. O-O d6 11. Bf3 Ra7 12. Bh2 $146 ({RR} 12. Bg5 Bxf3 13. Qxf3
Rc7 14. Na4 Rxc4 15. b3 Rc8 16. Qb7 b5 17. Nb6 Rc7 18. Qa8 Rc5 19. Bxf6 Bxf6
20. Qb7 Rc7 21. Qf3 Ra7 {0-1 (21) Gavin Roche,E-Langeweg,K (2405) Zaragoza 1992
}) 12... Bxf3 13. Qxf3 Qc8 14. Rac1 Rc7 15. b3 b5 16. cxb5 Rxc3 17. Rxc3 Qxc3
18. Qb7 Re8 19. bxa6 Qc8 20. Qxc8 Rxc8 21. a7 Nbd7 22. Nc6 Kf8 23. a4 Nb6 24.
a5 Na8 25. b4 Rxc6 26. b5 Rc5 27. Rb1 Nd7 28. b6 Rxa5 29. b7 Rxa7 30. b8=Q+
Nxb8 31. Rxb8+ Bd8 32. Rxd8+ Ke7 0-1

[Event "Floripa Chess Open 2024"]
[Site "Florianopolis"]
[Date "2024.01.28"]
[Round "10.33"]
[White "Gauche, Charles"]
[Black "Costa, Flavio Luis Cesar"]
[Result "1-0"]
[WhiteElo "2182"]
[BlackElo "1994"]
[PlyCount "81"]
[EventDate "2024.01.20"]
[EventRounds "10"]
[EventCountry "BRA"]

1. e4 c6 2. d4 d5 3. e5 Bf5 4. Nc3 e6 5. g4 Bg6 6. Nge2 c5 7. h4 h5 8. Nf4 Bh7
9. Nxh5 Nc6 10. Bb5 cxd4 11. Qxd4 Nge7 12. Bg5 a6 13. Bxe7 ({RR} 13. Bxc6+ Nxc6
14. Bxd8 Nxd4 15. O-O-O Nxc2 16. Bb6 Rc8 17. f4 Nb4 18. Kd2 Nd3 19. Rb1 Bg6 20.
Rhg1 Nc5 21. Rbf1 d4 22. Ne2 Ne4+ 23. Kd1 Rxh5 24. gxh5 Bxh5 25. Bxd4 Rd8 26.
Ke1 Rxd4 27. a3 Rd2 {Ebenezer,J (1866)-Srihari,L (2407) Pune IND 2023 0-1 (39)}
) 13... axb5 14. Bxd8 Nxd4 15. O-O-O Bc5 $146 ({RR} 15... Nxc2 16. Bf6 Rc8 17.
Bxg7 Bxg7 18. Nxg7+ Kf8 19. Nh5 Nb4 20. Rh3 Nc6 21. Nxb5 Nxe5+ 22. Rc3 Rxc3+
23. bxc3 Nxg4 24. f3 Nf2 25. Rd2 Nd3+ 26. Kd1 Bg6 27. Nf6 Rxh4 28. Rg2 Rf4 29.
Ng4 Rxf3 30. Kd2 {Llobel Cortell,E (2377)-Gustafsson,J (2542) Andorra 2002 0-1
(33)}) 16. Bg5 b4 17. Nb1 Bxc2 18. Rxd4 Bxb1 19. Rf4 Rxh5 20. Kxb1 Rh8 21. h5
b6 22. Rh3 Ra7 23. Rhf3 Rd7 24. a3 bxa3 25. b4 Be7 26. Bxe7 Kxe7 27. Rxf7+ Kd8
28. Rxd7+ Kxd7 29. Rxa3 Kc6 30. Ra7 d4 31. Rxg7 Kd5 32. Rf7 Ke4 33. Kc2 Rc8+
34. Kd2 Ra8 35. f3+ Kxe5 36. h6 Ra2+ 37. Kd3 Ra3+ 38. Kc4 Rc3+ 39. Kb5 Rc1 40.
h7 Rh1 41. Kc4 1-0

[Event "Floripa Chess Open 2024"]
[Site "Florianopolis"]
[Date "2024.01.28"]
[Round "10.34"]
[White "Colivet Gamboa, Julio Cesar"]
[Black "De Borba, Gabriel"]
[Result "0-1"]
[WhiteElo "1976"]
[BlackElo "2171"]
[PlyCount "72"]
[EventDate "2024.01.20"]
[EventRounds "10"]
[EventCountry "BRA"]

1. c4 e5 2. Nc3 g6 3. g3 Bg7 4. Bg2 d6 5. e4 Nc6 6. Nge2 f5 7. exf5 ({RR} 7.
O-O Nf6 8. exf5 Bxf5 9. d3 Qd7 10. Bg5 O-O 11. Bxf6 Bxf6 12. Nd5 Bg7 13. b4
Rae8 14. b5 Nd8 15. Rb1 c6 16. bxc6 bxc6 17. Ndc3 Bh3 18. Bxh3 Qxh3 19. Ne4 Nf7
20. Rb7 d5 21. cxd5 cxd5 {Anastasian,A (2520)-Nikolic,P (2645) Ljubljana 1995
1/2-1/2 (45)}) 7... Bxf5 8. d3 ({RR} 8. d4 exd4 9. Bxc6+ bxc6 10. Nxd4 Qe7+ 11.
Be3 Bd7 12. O-O Nf6 13. Re1 O-O 14. Bh6 Qf7 15. Bxg7 Kxg7 16. Qf3 Qxc4 17. Nc2
Nd5 18. Qe2 Qxe2 19. Nxe2 Rae8 20. Ned4 c5 21. Rxe8 Rxe8 22. Nf3 Re2 {Araujo,E
(1944)-Golubev,M (2461) chess.com INT 2023 0-1 (53)}) 8... Nge7 9. a3 $146 ({RR
} 9. O-O O-O 10. Bg5 Qc8 11. Rc1 Be6 12. Nd5 Re8 13. Nec3 h6 14. Bxe7 Nxe7 15.
Nb5 Bxd5 16. cxd5 Rb8 {1-0 (16) Melde,B (2108)-Seref,S (1871) Dortmund GER 2018
}) 9... a5 10. Be3 Be6 11. Nd5 Nf5 12. O-O O-O 13. Nec3 Ncd4 14. Bxd4 Nxd4 15.
Nb5 Nxb5 16. cxb5 c6 17. Ne3 d5 18. Qa4 Bd7 19. Rac1 Kh8 20. bxc6 bxc6 21. Rc5
Qb6 22. Rfc1 Rf7 23. b4 Bf8 24. Rxa5 Rxa5 25. Qxa5 Qxa5 26. bxa5 Bxa3 27. Rb1
Bc5 28. a6 Kg7 29. Kh1 Rxf2 30. Nxd5 cxd5 31. Rb7 Rf7 32. Bxd5 Kh6 33. a7 Rf1+
34. Kg2 Rf2+ 35. Kh1 Bh3 36. Rf7 Bxa7 0-1